Blue lock NEL final rankings - Statistics

General Stats
  • This quiz has been taken 737 times
  • The average score is 18 of 24
Answer Stats
Hint Answer % Correct
Tied for 1st Rin
100%
Tied for 1st Isagi
99%
7 Reo
94%
4 Barou
93%
5 Bachira
92%
3 Shidou
91%
6 Chigiri
89%
8 Kunigami
87%
16 Hiori
85%
10 Aiku
79%
9 Otoya
79%
11 Karasu
78%
12 Gagamaru
74%
15 Niko
74%
13 Aryu
73%
23 Nanase
73%
18 Kurona
72%
14 Yukimiya
69%
21 Raichi
63%
17 Sendou
57%
19 Zantetsu
56%
22 Kiyora
55%
20 Fukaku
47%
24 Nagi💀
41%
No matching quizzes found
Score Distribution
Percent of People with Each Score
Percentile by Number Answered
Your Score History
You have not taken this quiz